[Event "Budapest FS02 FM"]
[Site "Budapest"]
[Date "2017.02.07"]
[Round "4"]
[White "Ristoja, Aulikki"]
[Black "Bacsi, Andras"]
[Result "0-1"]
[WhiteElo "1730"]
[BlackElo "1732"]
[PlyCount "72"]
[EventDate "2017.02.04"]
[EventType "tourn"]
[EventRounds "9"]
[EventCountry "HUN"]
[SourceTitle "EXT 2018"]
[Source "ChessBase"]
[SourceDate "2017.10.13"]
[SourceVersion "1"]
[SourceVersionDate "2017.10.13"]
[SourceQuality "1"]

1. d4 Nf6 2. c4 e6 3. Nf3 b6 4. Bf4 Bb7 5. e3 Be7 6. Bd3 0-0 7. Nc3 d5 8. cxd5 exd5 9. Qc2 c6 10. h3 Nbd7 11. g4 g6 12. Bh6 Re8 13. 0-0-0 Bf8 14. g5 Bxh6 15. gxh6 Qe7 16. Rdg1 Ne4 17. h4 c5 18. Bb5 cxd4 19. exd4 Rec8 20. Kb1 Ndf6 21. h5 Qb4 22. Qb3 Qxb3 23. axb3 Rxc3 24. bxc3 Nxc3+ 25. Kb2 Nxb5 26. hxg6 fxg6 27. Ne5 Nd6 28. Nxg6 hxg6 29. Rxg6+ Kf7 30. Rg7+ Ke6 31. h7 Rh8 32. Rh6 Nf5 33. Rg8 Rxh7 34. Rxh7 Nxh7 35. Kc3 Nf6 36. f3 Nxg8 0-1

[Event "EU-chT Seniors 50"]
[Site "Chalkidiki"]
[Date "2016.04.19"]
[Round "1.4"]
[White "Gruenfeld, Yehuda"]
[Black "Ristoja, Aulikki"]
[Result "1-0"]
[WhiteElo "2442"]
[BlackElo "1656"]
[PlyCount "43"]
[EventDate "2016.04.19"]
[EventType "team-tourn"]
[EventRounds "7"]
[EventCountry "GRE"]
[SourceTitle "CBM 172 Extra"]
[Source "ChessBase"]
[SourceDate "2016.06.21"]
[SourceVersion "1"]
[SourceVersionDate "2016.06.21"]
[SourceQuality "1"]
[WhiteTeam "Israel"]
[BlackTeam "Finland Mates"]
[WhiteTeamCountry "ISR"]
[BlackTeamCountry "FIN"]

1. e4 d5 2. exd5 Qxd5 3. Nc3 Qa5 4. d4 c6 5. Nf3 Bg4 6. h3 Bh5 7. g4 Bg6 8. Ne5 Nf6 9. h4 Nbd7 10. Nc4 Qc7 11. h5 Be4 12. Nxe4 Nxe4 13. Qf3 Nd6 14. Bf4 0-0-0 15. 0-0-0 f6 16. Nxd6+ exd6 17. Bc4 Qa5 18. Be6 d5 19. Kb1 Be7 20. Bg3 Rde8 21. Qf5 Qd8 22. Qf4 1-0